00824nam a22002417a 450000500170000001000130001702000210003003500130005103700160006404000120008008200150009210000230010724500950013026000370022527000250026230000280028750000490031565000200036465000330038494200240041799900190044195201220046020170124110103.0 aA-996568 c00.00a818570113 aA-996568 bCen Lib/Ret aDPLbEN a658.8bKAP aKapur, S.K.927565 aMarketing management : in the indian contextcby S.K. KapurbTheory process and practice / aNew DelhibS.K. Publishersc1997 aNew DelhibNew Delhi a387p. :c19cm(Hb)bill. aIncludes bibliographical reference and index aMarketing96818 aMarketing--Management921514 2ddccENh658.8mKAP c129846d129846 00104070aLbLd2015-07-07eCen Lib/Retg0.00l0o658.8 KAPpA-996568r2015-07-07 00:00:00t1v0.00w2015-07-07yEN